00673cam a22002411 4500001001300000003000400013005001700017008004100034010001700075035002000092040002300112042001200135050001400147060002300161082001200184100002600196245006600222260004100288300002600329490003500355650002400390999001700414sg 46000090 DLC20260227112748.0820128s1946 xx a 000 0 eng  asg 46000090  a(OCoLC)14725139 aDLCcDNLMdFMdDLC apremarc00aRT61b.B70 aWY 195bB854h 1946 aRT61.B71 aBriggs, Susan Lennox.10aHome nursing with confidencec[by] Susan Lennox Briggs, R. N. aNew York,bC. R. Heck, inc.c[c1946] a6 p. l., 130 p.bill.0 a[The Garland homemaking books] 0aNurses and nursing. c90729d90729